Cuchilla / (Registro nro. 6439)

Detalles MARC
000 -CABECERA
campo de control de longitud fija 01444cam a2200289 a 4500
007 - PHYSICAL DESCRIPTION FIXED FIELD--GENERAL INFORMATION
fixed length control field ta
008 - CÓDIGOS DE INFORMACIÓN DE LONGITUD FIJA
fixed length control field 161108s20002003ck a jr 000 fdspa d
020 ## - NÚMERO INTERNACIONAL NORMALIZADO PARA LIBROS
ISBN 9580456437
035 ## - SYSTEM CONTROL NUMBER
System control number AGY2375 LA
040 ## - Fuente de catalogación
Agencia original de catalogación CO-BoUCM
Lenguaje de catalogación spa
Agencia de transcripción Sandra Palacio
Agencia de modificación CO-JMCR
041 0# - CÓDIGO DE LENGUA
Código idioma spa
082 #4 - NÚMERO DE LA CLASIFICACIÓN DECIMAL DEWEY
Número de clasificación Decimal N
Número de documento (Cutter) ROSc
Edition number 20
100 1# - PUNTO DE ACCESO PRINCIPAL-NOMBRE DE PERSONA
Nombre personal Rosero Diago, Evelio José,
Término de función/relación autor
9 (RLIN) 78394
245 10 - TÍTULO PROPIAMENTE DICHO
Título Cuchilla /
Mención de responsabilidad, etc. Evelio Jos Rosero ; ilustraciones de Diana Castellanos
260 ## - PUBLICACIÓN, DISTRIBUCIÓN, ETC. (PIE DE IMPRENTA)
Lugar de publicación, distribución, etc. Bogotá :
Nombre del editor, distribuidor, etc. Norma,
Fecha de publicación, distribución, etc. 2000
300 ## - DESCRIPCIÓN FÍSICA
Extensión 147 páginas :
Otros detalles físicos ilustraciones a blanco y negro ;
Dimensiones 19 cm.
500 ## - NOTA GENERAL
Nota general "Novela en 7 asaltos"
505 ## - NOTA DE CONTENIDO FORMATADO
Nota de contenido formateada Primer asalto -- Segundo asalto -- Tercer asalto -- Cuarto asalto -- Quinto asalto -- Sexto asalto -- Asalto final
520 ## - RESUMEN, ETC.
Resumen,etc. Gillermo Lafuente es un profesor de historia de Colombia, su alias: Cuchilla el más temido profesor de bachillerato. Su vida cambia a partir de los mensajes secretos que recibe cada mañana en su mesa. El colegio, el barrio, la familia, sustentan esta novela plena de humor - y amor, el amor cuando ocurre por primera vez a las puertas de la adolescencia.
521 ## - TARGET AUDIENCE NOTE
Target audience note A partir de los 9 años
Source Tapa posterior
650 17 - TÉRMINO DE MATERIA
9 (RLIN) 12285
650 27 - TÉRMINO DE MATERIA
Subdivisión de forma Cuentos infantiles
9 (RLIN) 18861
650 27 - TÉRMINO DE MATERIA
Subdivisión de forma Cuentos infantiles
9 (RLIN) 14818
700 1# - AUTOR SECUNDARIO - PERSONA
Nombre de persona Castellanos, Diana,
9 (RLIN) 81648
942 ## - ELEMENTOS DE ENTRADA SECUNDARIOS (KOHA)
Institution code [OBSOLETE] 18
Edition 1
Classification part N /
Call number suffix ROSc
Suppress in OPAC 0
Existencias
Withdrawn status Lost status Source of classification or shelving scheme Damaged status Not for loan Home library Current library Shelving location Date acquired Source of acquisition Cost, normal purchase price Total Checkouts Full call number Barcode Date last seen Date last checked out Copy number Price effective from Koha item type Public note
    Dewey Decimal Classification     Biblioteca Pública José María del Castillo y Rada Biblioteca Pública José María del Castillo y Rada Processing Center 12/19/2019 Donación 0.00 5 N ROSc 201809704 04/28/2025 04/25/2025 Ej.1 02/06/2020 Books Material rayado